Catálogo

Vista normal Vista MARC

Entrada Personal Name

Número de registros utilizados en: 1

001 - CONTROL NUMBER

  • control field: 13815

003 - CONTROL NUMBER IDENTIFIER

  • control field: DLC

005 - DATE AND TIME OF LATEST TRANSACTION

  • control field: 20230224151109.0

008 - FIXED-LENGTH DATA ELEMENTS

  • fixed length control field: 110224n| azannaabn |a aaa

010 ## - LIBRARY OF CONGRESS CONTROL NUMBER

  • LC control number: nb2011005369

035 ## - SYSTEM CONTROL NUMBER

  • System control number: (OCoLC)oca08780799

040 ## - CATALOGING SOURCE

  • Original cataloging agency: Uk
  • Language of cataloging: spa
  • Transcribing agency: Mx-PuUPA
  • Description conventions: rda
  • Modifying agency: MdRoLAC
  • Modifying agency: Mx-PuUPA

100 1# - HEADING--PERSONAL NAME

  • Personal name: Nottingham, James,

372 ## - FIELD OF ACTIVITY

  • Field of activity: Educación
  • Source of term: lcsh

373 ## - ASSOCIATED GROUP

  • Associated group: Aprendizaje desafiante

374 ## - OCCUPATION

  • Occupation: Autor

375 ## - GENDER

  • Gender: hombre
  • Source of term: lcdgt

377 ## - ASSOCIATED LANGUAGE

  • Language code: eng

400 1# - SEE FROM TRACING--PERSONAL NAME

  • Personal name: Nottingham, J. A.,
  • Fuller form of name: (James A.)

670 ## - SOURCE DATA FOUND

  • Source citation: Challenging learning, 2010:
  • Information found: t.p. (James Nottingham) p.vii (J.A. Nottingham)

670 ## - SOURCE DATA FOUND

  • Source citation: Learning challenge lessons, secondary English language arts, 2019:
  • Information found: eCIP title page (James Nottingham) data view (co-founder and director of Challenging Learning, a group of companies with 30 employees in 6 countries. His passion is in transforming the most up-to-date research into strategies that really work in the classroom)